000
00323nam a22001337a 4500
020
_a
978-1-292-08040-6
082
_a
808.066
100
_a
Sheehan, Richard J.
245
_a
Technical Communication Strategies for Today
250
_a
2nd
260
_a
Harlow:
_b
Pearson,
_c
2015
300
_a
527p.: ill.; 23cm
942
_c
BK
999
_c
22202
_d
22202